Представление документа в формате MARC21

Поле Инд. ПП Название Значение
Тип записи a
Библиографический уровень m
001 Контрольный номер UNIDUBNAbe9e877e3a2e416fb910c7808eab471c
005 Дата корректировки 20260407095027.4
008 Кодируемые данные 20260403
022 0_ a ISSN 1810-7206
084 a Индекс другой классификации/Индекс ББК 16.2
090 a Полочн. индекс 95.2
099 a Индекс 39244
245 10 a Заглавие Вестник компьютерных и информационных технологий
n Номер части/ раздела №3/2026. Т. 23
b Продолж. заглавия ежемесячный научно-технический и производственный журнал
c Ответственность учредитель: ООО "Издательский дом "Спектр"; гл. ред. В. В. Косьянчук
246 01 a Другая форма заглавия ВКИТ
260 c Дата издания 2026
b Издательство "Издательский дом "Спектр"
a Место издания Москва
300 a Объем 60 с.
500 a Примечание Журнал
505 0_ a Форматированное содержание Алгоритмическое обеспечение навигационного модуля для теневых зон глобальных навигационных спутниковых систем
b Автор Маркова Д. А.
505 0_ a Форматированное содержание Метод термооптической биометрической аутентификации личности с повышенной устойчивостью к атакам представления
b Автор Калиберда И. В.
505 0_ a Форматированное содержание Особенности разработки VR-приложений
b Автор Карпович А. М.
b Автор Найденов Д. А.
b Автор Тихонов В. В.
505 0_ a Форматированное содержание Автоматизация экспертизы несущей способности металлических решетчатых башен
b Автор Маркина Ю. Д.
505 0_ a Форматированное содержание Оптимизация структурированных потоков в гибких оптических сетях связи
b Автор Бойко А. П.
b Автор Бирюков М. А.
b Автор Кузин П. И.
505 0_ a Форматированное содержание Гибридный метод защищенного семантического поиска на основе гомоморфного шифрования и случайных проекций
b Автор Куриленко С. М.
505 0_ a Форматированное содержание Прогнозирование и классификация киберугроз на основе анализа сетевого трафика с использованием ансамблевых методов машинного обучения
b Автор Шумихина А. С.
b Автор Арабов М. К.
650 04 a Основная рубрика информационные технологии
653 0_ a Ключевые слова GNSS
a Ключевые слова VR-приложения
a Ключевые слова автоматизация конструирования
a Ключевые слова автоматизация проектирования
a Ключевые слова автоматизация технологических процессов
a Ключевые слова автомобильные МЭМС-датчики
a Ключевые слова адаптивная ковариация
a Ключевые слова анализ трафика
a Ключевые слова аутентификация
a Ключевые слова башни
a Ключевые слова векторные эмбеддинги
a Ключевые слова виртуальная реальность
a Ключевые слова гибкие оптические сети
a Ключевые слова гомоморфное шифрование
a Ключевые слова детализация
a Ключевые слова инерциально-одометрическая навигация
a Ключевые слова информационная безопасность
a Ключевые слова информационно-управляющие системы
a Ключевые слова информационно-управляющие системы
a Ключевые слова Калмана фильтр
a Ключевые слова кибербезопасность
a Ключевые слова киберугрозы
a Ключевые слова компьютерное зрение
a Ключевые слова конфиденциальность
a Ключевые слова машинное обучение
a Ключевые слова мультисенсорная технология
a Ключевые слова навигационные спутниковые системы (НСС)
a Ключевые слова несущая способность
a Ключевые слова обнаружение атак представления
a Ключевые слова обнаружение вторжений
a Ключевые слова опоры связи
a Ключевые слова показатели ошибок
a Ключевые слова приближенный поиск
a Ключевые слова пропускная способность
a Ключевые слова радиус качения
a Ключевые слова распределенные вычислительные системы
a Ключевые слова расчет
a Ключевые слова решетчатые конструкции
a Ключевые слова рычаг IMU
a Ключевые слова самокалибровка on-line
a Ключевые слова семантический поиск
a Ключевые слова сетевой трафик
a Ключевые слова сетевые технологии
a Ключевые слова сети связи
a Ключевые слова случайные проекции
a Ключевые слова структурированные потоки
a Ключевые слова термооптические данные
a Ключевые слова шифрование
773 18 w Контрольный № источника UNIDUBNAd6bf0ab956624fe1846a5f3618645e71
901 t Тип документа s
952 a Тип литературы для КСУ ВШ НЖ
991 s 6